Score 0/77 Timer 20:00
0 Plays Today
Ep. No. and Title Guest Star % Correct
0301 - 'Stark Raving Dad'Michael Jackson
79%
0112- 'Krusty Gets Busted'Kelsey Grammer
78.3%
0412 - 'Marge vs the Monorail'Leonard Nimoy
70.7%
0409 - 'Mr. Plow' Adam West
68.5%
0420 - 'Whacking Day' Barry White
68%
0310 - 'Flaming Moe's'Aerosmith
67.2%
0317 - 'Homer at the Bat'Darryl Strawberry
67.2%
0410 - 'Lisa's First Word'/0422- 'Krusty Gets Kancelled'Elizabeth Taylor
67.2%
0210 - 'Bart Gets Hit by a Car'...etc.Phil Hartman
66.1%
0515 - 'Deep Space Homer'James Taylor
64.5%
0507 - 'Bart's Inner Child'James Brown
64.3%
0515 - 'Deep Space Homer' Buzz Aldrin
64.3%
0215 - 'Oh Brother, Where Art Thou?' Danny DeVito
62.1%
0501 - 'Homer's Barbershop Quartet'George Harrison
61.5%
0305 - 'Homer Defined' Magic Johnson
60.1%
0422 - 'Krusty Gets Kancelled'Johnny Carson
59.2%
0218 - 'Brush with Greatness' Ringo Starr
58.9%
0219 - 'Lisa's Substitute' Dustin Hoffman
58.9%
0203 - 'Treehouse of Horror'James Earl Jones
57.3%
0512 - 'Bart Gets Famous'Conan O'Brien
57.2%
0422 - 'Krusty Gets Kancelled'Luke Perry
57.1%
0317 - 'Homer at the Bat'Ozzie Smith
57%
0422 - 'Krusty Gets Kancelled'Bette Midler
56.9%
0317 - 'Homer at the Bat' José Canseco
56.2%
0422 - 'Krusty Gets Kancelled' Red Hot Chili Peppers
56%
0212 - 'The Way We Was'/0218 - 'Brush with Greatness' etc.Jon Lovitz
55.3%
0317 - 'Homer at the Bat'Steve Sax
55%
0407 - 'Marge Gets a Job'Tom Jones
54.3%
0504 - 'Rosebud' The Ramones
52.7%
0313 - 'Radio Bart'Sting
52.4%
0317 - 'Homer at the Bat' Don Mattingly
50.8%
0317 - 'Homer at the Bat'Roger Clemens
50.6%
0317 - 'Homer at the Bat'Ken Griffey, Jr.
48.3%
0317 - 'Homer at the Bat'Wade Boggs
48.2%
0422 - 'Krusty Gets Kancelled' Hugh Hefner
48.2%
0304 - 'Bart the Murderer'Neil Patrick Harris
47.5%
0211 - 'One Fish, Two Fish, Blowfish, Blue Fish'Larry King
45.2%
0304 - 'Bart the Murderer' Joe Mantegna
44.6%
0513 - 'Homer and Apu' James Woods
41.8%
Ep. No. and Title Guest Star % Correct
0106 - 'Moaning Lisa'Ron Taylor
40.2%
0409 - 'Mr. Plow'Linda Ronstadt
39%
0324 - 'Brother, Can You Spare Two Dimes?'Joe Frazier
38.8%
0509 - 'The Last Temptation of Homer' Michelle Pfeiffer
38.6%
0317 - 'Homer at the Bat' Mike Scioscia
37.3%
0508 - 'Boy-Scoutz n the Hood'Ernest Borgnine
36.7%
0510 - '$pringfield (Or, How I Learned to Stop Worrying and Love Legalized Gambling)' Robert Goulet
36.5%
0306 - 'Like Father, Like Clown'Jackie Mason
31.8%
0107 - 'The Call of the Simpsons'/0109- 'Life on the Fast Lane'Albert Brooks
30.5%
0205 - 'Dancin' Homer' Tony Bennett
29.6%
0408 - 'New Kid on the Block'Sara Gilbert
28.4%
0417 - 'Last Exit to Springfield' Joyce Brothers
27.6%
0211 - 'One Fish, Two Fish, Blowfish, Blue Fish'George Takei
24.3%
0318 - 'Separate Vocations' Steve Allen
22.8%
0403 - 'Lisa the Beauty Queen'Bob Hope
22.3%
0514 - 'Lisa vs. Malibu StacyKathleen Turner
22.1%
0322 - 'The Otto Show'Christopher Guest
20.7%
0510 - '$pringfield (Or, How I Learned to Stop Worrying and Love Legalized Gambling)' Gerry Cooney
20.3%
0421 - 'Marge in Chains'/0501 - 'Homer's Barbershop Quartet'David Crosby
18.8%
0511 - 'Homer the Vigilante'Sam Neill
18.7%
0322 - 'The Otto Show'Michael Mckean
18.5%
0113 - 'Some Enchanted Evening'Penny Marshall
18.3%
0320 - 'Colonel Homer'Beveryly D'Angelo
18.2%
0203 - 'Simpson and DelilahHarvey Fierstein
17%
0419 - 'The Front' Brooke Shields
16.9%
0216 - 'Bart's Dog Gets an F'Tracey Ullman
16.5%
0509 - 'The Last Temptation of Homer' Werner Klemperer
12.4%
0408 - 'New Kid on the Block'Pamela Reed
11.8%
0216 - 'Bart's Dog Gets an F'/0308 - 'Lisa's Pony'Frank Welker
11.6%
0221- 'Three Men and a Comic Book'Cloris Leachman
8.9%
0221 - 'Three Men and a Comic Book'Daniel Stern
8%
0305 - 'Homer Defined' Chick Hearn
7.6%
0501 - 'Homer's Barbershop Quartet'The Dapper Dans
7.5%
0217- 'Old Money'Audrey Meadows
7%
0205 - 'Dancin' Homer'Tom Poston
6.8%
0113 - 'Some Enchanted Evening'June Foray
5.8%
0103 - 'Homer's Odyssey'Sam McMurray
4.4%
0113 - 'Some Enchanted Evening'Paul Willson
2.7%
Remove Ads.
Support Sporcle.
Get the best of Sporcle when you Go Orange. This ad-free experience offers more features, more stats, and more fun while also helping to support Sporcle. Thank you for becoming a member.

You're not logged in!

Compare scores with friends on all Sporcle quizzes.
OR
Log In

Show Comments

Extras

Top Quizzes Today


Score Distribution

Your Account Isn't Verified!

In order to create a playlist on Sporcle, you need to verify the email address you used during registration. Go to your Sporcle Settings to finish the process.

Report this User

Report this user for behavior that violates our Community Guidelines.

Details: